00210nam a2200085Ia 4500008004100000100001200041245004100053260002100094300000900115190216s9999||||xx |||||||||||||| ||und|| aSaha Tk 0aBiostatistics In Theory And Practice bEmkay Pubsc1995 a125p